000 00383nam a22001457a 4500
008 250107b |||||||| |||| 00| 0 eng d
020 _a0256037175
050 _aHD30.28
_b.T46
100 _aTHOMPSON, Arthur A. Jr.
245 _aStrategic Management: Concepts and Cases
250 _a4th
260 _aU.S.A
_bBusiness Publication Inc.
_c1978
300 _axvii, 1045p.
942 _cBK
999 _c1879
_d1879